000 00478nam a2200181Ia 4500
003 GCL
008 140319s9999 xx 000 0 eng d
040 _aGCL /
_cGCL
082 0 4 _a370.15
_bJ P
100 1 _aDE JOUFFREY, MORAND
245 1 0 _aLA PSYCHOLOGIE DE L'ENFANT /
_cDE JOUFFREY, MORAND
260 _a[S.N] :
_bMARABOUT UNIVERSITE ،
_c1995
300 _a191 P
490 _aMARABOUT
_v0
650 0 4 _aEDUCATION
650 0 4 _aEDUCATIONAL PSYCHOLOGY
942 _2ddc
_cBK
999 _c22597
_d22597